|
|
|
|
| LEADER |
00000nam0a2200000 4500 |
| 001 |
304985 |
| 005 |
20231102001745.0 |
| 035 |
|
|
|a (RuTPU)RU\TPU\book\330245
|
| 090 |
|
|
|a 304985
|
| 100 |
|
|
|a 20150921d1983 km y0rusy50 ca
|
| 101 |
0 |
|
|a ger
|a rus
|
| 102 |
|
|
|a RU
|
| 105 |
|
|
|a y e 000zy
|
| 200 |
1 |
|
|a Немецко-русский словарь военных сокращений
|e около 15 000 сокращений
|f Л. Ф. Парпаров, Л. С. Азарх
|g под ред. Л. Ф. Парпарова
|
| 210 |
|
|
|a Москва
|c Военное изд-во
|d 1983
|
| 215 |
|
|
|a 320 с.
|
| 606 |
1 |
|
|a Немецкий язык
|x Терминологические словари
|2 stltpush
|3 (RuTPU)RU\TPU\subj\45383
|9 64626
|
| 610 |
1 |
|
|a лексика
|
| 610 |
1 |
|
|a словари
|
| 610 |
1 |
|
|a военное дело
|
| 610 |
1 |
|
|a сокращения
|
| 610 |
1 |
|
|a расшифровка
|
| 610 |
1 |
|
|a вооруженные силы
|
| 610 |
1 |
|
|a ГДР
|
| 610 |
1 |
|
|a ФРГ
|
| 610 |
1 |
|
|a Австрия
|
| 610 |
1 |
|
|a Швейцария
|
| 610 |
1 |
|
|a тактика
|
| 610 |
1 |
|
|a военная техника
|
| 686 |
|
|
|a Ш143.24-43
|v LBC/SL-A
|2 rubbk
|
| 700 |
|
1 |
|a Парпаров
|b Л. Ф.
|g Леонид Федорович
|
| 701 |
|
1 |
|a Азарх
|b Л. С.
|g Лев Сергеевич
|
| 702 |
|
1 |
|a Парпаров
|b Л. Ф.
|g Леонид Федорович
|4 340
|
| 801 |
|
1 |
|a RU
|b 63413507
|c 20150921
|
| 801 |
|
2 |
|a RU
|b 63413507
|c 20190424
|g RCR
|
| 942 |
|
|
|c BK
|